[Event "7. Arber-Open Bodenmais 2018"]
[Site "Bodenmais"]
[Date "2018.07.31"]
[Round "4.42"]
[White "Mittermaier, Johann"]
[Black "Titze, Karsten"]
[Result "1-0"]
[WhiteElo "1696"]
[BlackElo "1852"]
[PlyCount "119"]
[EventDate "2018.??.??"]
[WhiteTeam "SV Deggendorf"]
[BlackTeam "vereinslos"]

1. e4 c6 2. d4 Nf6 3. Bd3 g6 4. h3 d6 5. Nf3 Nbd7 6. O-O e5 7. c3 Be7 8. Re1
Qc7 9. Nbd2 Nh5 10. Nc4 b5 11. Ne3 Nf4 12. Nf1 Nxd3 13. Qxd3 h6 14. N3h2 Bg5
15. Ne3 Nf6 16. Nf3 a5 17. Rd1 O-O 18. Nxg5 hxg5 19. d5 Kg7 20. dxc6 Qxc6 21.
f3 Rd8 22. Nd5 Nxd5 23. exd5 Qd7 24. Bxg5 Rh8 25. Rd2 f5 26. f4 Qa7+ 27. Kf1 e4
28. Qd4+ Qxd4 29. Rxd4 Ba6 30. Ke1 Kf7 31. a4 bxa4 32. Rdxa4 Bb7 33. Rxa5 Bxd5
34. Rxa8 Bxa8 35. Ra7+ Ke6 36. Rg7 e3 37. Rxg6+ Kd5 38. Be7 Rb8 39. b4 Kc4 40.
Bxd6 Rb6 41. Rf6 Bxg2 42. Be5 Rxf6 43. Bxf6 Bf3 44. Bd4 Bh5 45. h4 e2 46. Kd2
Bg4 47. Bf2 Bh5 48. b5 Kxb5 49. Kd3 Kc6 50. Kd4 Kd6 51. c4 Bg4 52. Be1 Bh5 53.
Bb4+ Ke6 54. c5 Kd7 55. Ke5 Bg4 56. Kf6 Kc6 57. Kg5 Kb5 58. Be1 Kxc5 59. h5
Bxh5 60. Kxh5 1-0

[Event "7. Arber-Open Bodenmais 2018"]
[Site "Bodenmais"]
[Date "2018.07.31"]
[Round "4.43"]
[White "Bartels, Christian"]
[Black "Scheuerer, Werner"]
[Result "0-1"]
[WhiteElo "1614"]
[BlackElo "1828"]
[PlyCount "64"]
[EventDate "2018.??.??"]
[WhiteTeam "Niederlande"]
[BlackTeam "SC Garching"]
[WhiteTeamCountry "NED"]

1. d4 f5 2. c4 Nf6 3. Bg5 g6 4. Nc3 Bg7 5. Qd2 O-O 6. Nf3 Ne4 7. Nxe4 fxe4 8.
Nh4 c5 9. d5 d6 10. g3 Nd7 11. Bg2 Nf6 12. O-O Qe8 13. Bh6 b5 14. b3 bxc4 15.
bxc4 Qa4 16. Bxg7 Kxg7 17. Qg5 Qe8 18. f3 h6 19. Qe3 g5 20. fxe4 gxh4 21. e5
Ng4 22. Qd3 Nxe5 23. Rf4 Rf6 24. Raf1 hxg3 25. Qxg3+ Qg6 26. Qh4 Qg5 27. Qxg5+
hxg5 28. Re4 Rxf1+ 29. Bxf1 Ba6 30. e3 Rb8 31. h4 Rb2 32. hxg5 Nf3+ 0-1

[Event "7. Arber-Open Bodenmais 2018"]
[Site "Bodenmais"]
[Date "2018.07.31"]
[Round "4.45"]
[White "Steppuhn, Simone"]
[Black "Wacker, Andreas"]
[Result "0-1"]
[WhiteElo "1570"]
[BlackElo "1824"]
[PlyCount "54"]
[EventDate "2018.??.??"]
[WhiteTeam "BrÃ¼hler SK"]
[BlackTeam "SC Lambsheim"]

1. d4 Nf6 2. c4 g6 3. Nc3 d5 4. cxd5 Nxd5 5. e4 Nxc3 6. bxc3 Bg7 7. Bc4 c5 8.
Ne2 O-O 9. O-O Nc6 10. Be3 Qa5 11. Rc1 e6 12. Qb3 cxd4 13. cxd4 Qd8 14. Qb2 Na5
15. Bb5 a6 16. Bd3 b5 17. Qb4 Bb7 18. Rfd1 Nc6 19. Qb2 Qe7 20. Qb1 Rfd8 21. Bc2
Nb4 22. Bb3 a5 23. d5 exd5 24. Bc5 Qxe4 25. Qxe4 dxe4 26. a3 Nd3 27. Rb1 Nxc5
0-1

[Event "7. Arber-Open Bodenmais 2018"]
[Site "Bodenmais"]
[Date "2018.07.31"]
[Round "4.46"]
[White "Schmitz, Tim"]
[Black "Gaedt, Mario"]
[Result "1-0"]
[WhiteElo "1821"]
[BlackElo "1506"]
[PlyCount "55"]
[EventDate "2018.??.??"]
[WhiteTeam "SC Sendling"]
[BlackTeam "SV Bergen"]

1. e4 c5 2. Nf3 e6 3. c3 d6 4. d4 cxd4 5. cxd4 Nf6 6. Nc3 a6 7. Bd3 g6 8. Bg5
Be7 9. O-O O-O 10. Qe2 Nbd7 11. Rfd1 b6 12. e5 Ne8 13. Bf4 Bb7 14. Ne4 Bxe4 15.
Bxe4 d5 16. Bd3 b5 17. a4 bxa4 18. Bh6 Ng7 19. Bxa6 Nb8 20. Bb5 a3 21. bxa3
Rxa3 22. Rxa3 Bxa3 23. Ra1 Be7 24. Ra7 Kh8 25. g4 Rg8 26. Qd2 Ne8 27. Ng5 Nc7
28. Nxf7# 1-0

[Event "7. Arber-Open Bodenmais 2018"]
[Site "Bodenmais"]
[Date "2018.07.31"]
[Round "4.47"]
[White "Wudi, Tobias"]
[Black "Tober, Julian"]
[Result "0-1"]
[WhiteElo "1491"]
[BlackElo "1820"]
[PlyCount "96"]
[EventDate "2018.??.??"]
[WhiteTeam "SC Bayerwald"]
[BlackTeam "SV Unser Fritz"]

1. e4 c5 2. Nf3 g6 3. Nc3 Bg7 4. Bc4 Nc6 5. O-O Nf6 6. Re1 O-O 7. d4 cxd4 8.
Nxd4 d6 9. Nxc6 bxc6 10. Bg5 Qb6 11. Bb3 Be6 12. Rb1 Ng4 13. Qd2 Qd4 14. Rbd1
Qxd2 15. Rxd2 Bxb3 16. axb3 Rfe8 17. h3 h6 18. Bxe7 Nxf2 19. Kxf2 Rxe7 20. Rxd6
c5 21. Rd5 h5 22. Rxc5 Bd4+ 23. Kf3 Bxc5 24. Nd5 Rb7 25. Nf4 Kg7 26. Nd3 Rc8
27. g3 Bd4 28. Re2 Rbc7 29. c3 Bxc3 30. bxc3 Rxc3 31. Re3 Rxb3 32. Nf4 Rxe3+
33. Kxe3 Rc3+ 34. Kf2 a5 35. Nd5 Rb3 36. Ne3 Rxe3 37. Kxe3 Kf6 38. Kd3 Ke5 39.
Kc4 Kxe4 40. Kb5 Kf3 41. Kxa5 Kxg3 42. Kb5 Kxh3 43. Kc5 g5 44. Kd4 g4 45. Ke3
g3 46. Kf3 Kh2 47. Kf4 g2 48. Kg5 g1=Q+ 0-1

[Event "7. Arber-Open Bodenmais 2018"]
[Site "Bodenmais"]
[Date "2018.07.31"]
[Round "4.48"]
[White "Van Hoorebeke, Jimmy"]
[Black "Merkl, Michael"]
[Result "1-0"]
[WhiteElo "1783"]
[BlackElo "1689"]
[PlyCount "95"]
[EventDate "2018.??.??"]
[WhiteTeam "Belgien"]
[BlackTeam "TSV KÃ¶sching"]
[WhiteTeamCountry "BEL"]

1. e4 e5 2. Bc4 Nf6 3. d3 Bc5 4. Nf3 Nc6 5. c3 d6 6. b4 Bb6 7. a4 a6 8. O-O h6
9. Ba3 Ne7 10. Re1 O-O 11. Nbd2 Ng6 12. Nf1 Be6 13. Bb3 Bxb3 14. Qxb3 Ng4 15.
d4 Nh4 16. Nxh4 Qxh4 17. Qb2 f5 18. h3 Nf6 19. exf5 exd4 20. cxd4 Bxd4 21. Qa2+
d5 22. Rad1 Bb6 23. Ne3 c6 24. b5 Qxa4 25. bxc6 bxc6 26. Qb2 Ba5 27. Bxf8 Rxf8
28. Rd4 Qb5 29. Qxb5 axb5 30. Rc1 Bb6 31. Rd3 Nd7 32. Rxc6 Ne5 33. Rxb6 Nxd3
34. Nxd5 b4 35. g4 Rd8 36. Nxb4 Nf4 37. Kh2 Kf7 38. h4 Ne2 39. Re6 Nd4 40. Nc6
Nxc6 41. Rxc6 Rd4 42. Kg3 Rd3+ 43. f3 Ra3 44. g5 hxg5 45. hxg5 Ra5 46. Kg4 Ra4+
47. f4 Ra1 48. f6 1-0

[Event "7. Arber-Open Bodenmais 2018"]
[Site "Bodenmais"]
[Date "2018.07.31"]
[Round "4.49"]
[White "Tiggemann, Felix"]
[Black "Kochendoerfer, Juergen"]
[Result "0-1"]
[WhiteElo "1490"]
[BlackElo "1776"]
[PlyCount "92"]
[EventDate "2018.??.??"]
[WhiteTeam "SF SchÃ¶neck"]
[BlackTeam "SV Crailsheim"]

1. e4 b6 2. d4 Bb7 3. Nc3 e6 4. Nf3 Bb4 5. Bd2 Bxc3 6. Bxc3 Bxe4 7. Bd3 Nf6 8.
Ng5 Bxd3 9. Qxd3 h6 10. Ne4 d5 11. Nxf6+ Qxf6 12. Qb5+ c6 13. Qa4 O-O 14. O-O-O
b5 15. Qa5 Rc8 16. f3 Nd7 17. Kb1 Nb6 18. b3 Nd7 19. Rhe1 Qg6 20. g4 Nf6 21. h3
Nh7 22. h4 Qf6 23. Rh1 Qxf3 24. Rdg1 Qf6 25. Qb4 a5 26. Qc5 Qd8 27. Bd2 Nf6 28.
Qa3 Ne4 29. Be3 Qd6 30. Qxd6 Nxd6 31. g5 h5 32. g6 f6 33. Bf4 Ne4 34. Kb2 c5
35. Be3 c4 36. Rc1 c3+ 37. Ka1 b4 38. Bf4 Rc6 39. Rh2 Re8 40. Rg1 e5 41. dxe5
fxe5 42. Bc1 Ree6 43. Rhg2 Nf6 44. Bg5 Ng4 45. Bd8 Ra6 46. Rd1 Ne3 0-1

[Event "7. Arber-Open Bodenmais 2018"]
[Site "Bodenmais"]
[Date "2018.07.31"]
[Round "4.50"]
[White "Khamenya, Vitalia"]
[Black "Karner, Carl-Philipp"]
[Result "1-0"]
[WhiteElo "1770"]
[BlackElo "1555"]
[PlyCount "49"]
[EventDate "2018.??.??"]
[WhiteTeam "SK GrÃ¤felfing"]
[BlackTeam "ASV Burglengenfeld"]

1. e4 Nf6 2. Nc3 e5 3. Bc4 Bc5 4. d3 O-O 5. f4 d6 6. f5 a6 7. Bg5 b5 8. Bb3 Bb7
9. Qd2 Nbd7 10. Nf3 c6 11. Bh4 Qb6 12. Nd1 Rfe8 13. h3 h6 14. g4 d5 15. g5 dxe4
16. dxe4 hxg5 17. Nxg5 Re7 18. Rh2 Nf8 19. Nxf7 Rxf7 20. Bxf6 Nh7 21. Bxf7+
Kxf7 22. Qd7+ Kxf6 23. Qe6+ Kg5 24. Qg6+ Kf4 25. Qg4# 1-0

[Event "7. Arber-Open Bodenmais 2018"]
[Site "Bodenmais"]
[Date "2018.07.31"]
[Round "4.51"]
[White "Desoye, Gernot"]
[Black "Thullen, Andre"]
[Result "1-0"]
[WhiteElo "1767"]
[BlackElo "1570"]
[PlyCount "101"]
[EventDate "2018.??.??"]
[WhiteTeam "SF Graz"]
[BlackTeam "SV Urmitz"]

1. d4 d5 2. c4 Nf6 3. cxd5 Nxd5 4. e4 Nf6 5. Nc3 e6 6. Nf3 Bb4 7. Bd3 Nc6 8.
O-O O-O 9. Bc2 b6 10. Qd3 a5 11. Rd1 Ba6 12. Qe3 Qe7 13. Qg5 Bxc3 14. bxc3 Be2
15. Re1 Bxf3 16. gxf3 Nd7 17. Qg3 e5 18. Ba4 Ncb8 19. f4 exf4 20. Bxf4 Nf6 21.
Bxc7 Nxe4 22. Qf4 Qg5+ 23. Qxg5 Nxg5 24. Re3 Ra6 25. Rae1 Ne6 26. Bg3 Ra7 27.
d5 Nc5 28. Bxb8 Ra8 29. Bd6 Nxa4 30. Bxf8 Kxf8 31. c4 g6 32. Kg2 Nb2 33. Re4
Rc8 34. Rc1 b5 35. c5 Nd3 36. Rd1 Nxc5 37. Rh4 h5 38. d6 Ne6 39. Rd2 Rc6 40. f4
f5 41. Kf2 Ke8 42. d7+ Ke7 43. Rh3 Rd6 44. Rhd3 Rxd3 45. Rxd3 Kd8 46. Ke3 Nc5
47. Rd5 Nxd7 48. Rxb5 a4 49. Ra5 Nb6 50. Kd4 Kd7 51. Ra7+ 1-0

[Event "7. Arber-Open Bodenmais 2018"]
[Site "Bodenmais"]
[Date "2018.07.31"]
[Round "4.52"]
[White "Naumann, Thomas"]
[Black "Hildebrand, Georg"]
[Result "1-0"]
[WhiteElo "1710"]
[BlackElo "1462"]
[PlyCount "85"]
[EventDate "2018.??.??"]
[WhiteTeam "ESV Lok DÃ¶beln"]
[BlackTeam "SK Marburg"]

1. d4 b6 2. e4 Bb7 3. Bd3 Nc6 4. c3 e6 5. Ne2 Be7 6. O-O h6 7. Be3 Nf6 8. h3 g5
9. Ng3 d6 10. Bb5 a6 11. Bd3 Qd7 12. b4 Na7 13. a4 Rd8 14. Qe2 Qc8 15. a5 b5
16. d5 c5 17. dxe6 Qxe6 18. Nf5 Bf8 19. bxc5 Nxe4 20. Nxd6+ Nxd6 21. cxd6 Nc8
22. Bxb5+ axb5 23. Qxb5+ Qd7 24. Qe5+ Qe6 25. Qxh8 Qe4 26. f3 Qxe3+ 27. Kh1
Nxd6 28. Na3 Kd7 29. Rad1 Kc8 30. Nc4 Qe8 31. Rxd6 Kb8 32. Rxd8+ Qxd8 33. Qe5+
Ka7 34. Qe3+ Kb8 35. Rb1 Qc8 36. a6 Bc5 37. Qe5+ Qc7 38. Qxc7+ Kxc7 39. Rxb7+
Kc6 40. Rxf7 Kd5 41. Na5 Bb6 42. a7 Bxa7 43. Rxa7 1-0

[Event "7. Arber-Open Bodenmais 2018"]
[Site "Bodenmais"]
[Date "2018.07.31"]
[Round "4.53"]
[White "Hedzic, Omer"]
[Black "Goerl, Peter"]
[Result "0-1"]
[WhiteElo "1470"]
[BlackElo "1315"]
[PlyCount "118"]
[EventDate "2018.??.??"]
[WhiteTeam "SC Bayerwald"]
[BlackTeam "SC Gardez-Viechtach"]

1. b3 d5 2. e3 Nf6 3. g3 e6 4. d4 b6 5. Bg2 Bb7 6. Ne2 Nbd7 7. O-O c5 8. Bb2
Be7 9. Nd2 O-O 10. Rc1 Rc8 11. c4 Ba8 12. Nf3 h6 13. Re1 Nh7 14. Nf4 Ndf6 15.
Ne5 Nd7 16. dxc5 Nxe5 17. Bxe5 dxc4 18. Qxd8 Rfxd8 19. Bxa8 Rxa8 20. Bc7 Rd7
21. cxb6 axb6 22. Rxc4 b5 23. Rc2 Rc8 24. Rec1 Ra8 25. Ne2 Ba3 26. Nd4 Bxc1 27.
Rxc1 Rxa2 28. Nxb5 Nf6 29. Nd4 Ra8 30. Bb6 Rb7 31. Bc5 Rc8 32. b4 Nd5 33. b5 e5
34. Ne2 Rxb5 35. Ba3 Rxc1+ 36. Nxc1 Rb1 37. Kg2 Ra1 38. Bb2 Rb1 39. Ba3 Nc3 40.
Nd3 f6 41. h4 Na4 42. g4 Rb3 43. Nxe5 fxe5 44. Be7 Nc3 45. Kf3 Kf7 46. Bd6 Ke6
47. Bf8 Rb7 48. e4 Rf7+ 49. Ke3 Rxf8 50. g5 Rf4 51. f3 Rxh4 52. gxh6 Rxh6 53.
Kd3 Nb5 54. Kc4 Nd6+ 55. Kc5 Rh3 56. Kc6 Rxf3 57. Kc7 Ke7 58. Kc6 Rd3 59. Kc5
Nxe4+ 0-1

[Event "7. Arber-Open Bodenmais 2018"]
[Site "Bodenmais"]
[Date "2018.07.31"]
[Round "4.54"]
[White "Krawiec, Jan"]
[Black "Stowicek, Lars"]
[Result "0-1"]
[WhiteElo "1460"]
[BlackElo "1275"]
[PlyCount "112"]
[EventDate "2018.??.??"]
[WhiteTeam "SV Unser Fritz"]
[BlackTeam "USV Halle"]

1. e4 e5 2. Nf3 Nc6 3. Bc4 Nf6 4. Ng5 d5 5. exd5 Nd4 6. h3 Nxd5 7. d3 h6 8. Nf3
b5 9. Bxb5+ Nxb5 10. c4 Nb4 11. O-O Nd4 12. Nxd4 exd4 13. Qe2+ Be6 14. a3 Nc6
15. Qe4 Qd7 16. b4 Rb8 17. b5 Na5 18. Ra2 Nb3 19. Re2 Nxc1 20. Rxc1 Be7 21. Qe5
O-O 22. Re4 Bf6 23. Qc5 Rb7 24. Nd2 Qd6 25. Nb3 Qxc5 26. Nxc5 Rbb8 27. Nxe6
fxe6 28. Rxe6 Rfe8 29. Rce1 Rxe6 30. Rxe6 Kf7 31. Rc6 Rb7 32. a4 Bg5 33. a5 a6
34. bxa6 Ra7 35. g3 Bd2 36. Kg2 Bxa5 37. Kf3 Bd2 38. Ke4 Be1 39. Kf3 Bd2 40.
Ke2 Bg5 41. f4 Bf6 42. Kf3 Ke7 43. f5 Kd7 44. Re6 c6 45. Kg4 Rxa6 46. Kh5 Ra3
47. h4 Rxd3 48. g4 Re3 49. g5 Rxe6 50. fxe6+ Kxe6 51. gxh6 gxh6 52. Kxh6 Kf5
53. h5 d3 54. c5 d2 55. Kh7 d1=Q 56. h6 Qd7+ 0-1

[Event "7. Arber-Open Bodenmais 2018"]
[Site "Bodenmais"]
[Date "2018.07.31"]
[Round "4.55"]
[White "Krejci, Vera Marie"]
[Black "Schloegl, Andreas"]
[Result "1-0"]
[WhiteElo "1438"]
[BlackElo "1204"]
[PlyCount "75"]
[EventDate "2018.??.??"]
[WhiteTeam "SK Rothenburg"]
[BlackTeam "SC Beilngries"]

1. e4 e5 2. Nf3 Nc6 3. Bc4 Bc5 4. b4 Bxb4 5. c3 Bc5 6. d4 exd4 7. O-O Qf6 8. e5
Nxe5 9. Nxe5 Qxe5 10. Re1 Qxe1+ 11. Qxe1+ Ne7 12. cxd4 Bxd4 13. Nc3 Bf6 14. Nd5
Kd8 15. Nxf6 gxf6 16. Ba3 d6 17. Bxf7 Bg4 18. h3 Bf5 19. Bb2 Rf8 20. Be6 Bg6
21. Qb4 Rb8 22. Qa4 Nc6 23. Qh4 Ke7 24. Re1 Ne5 25. Bxe5 dxe5 26. Bd5 b6 27.
Be4 Rh8 28. Bxg6 hxg6 29. Qc4 Rbc8 30. f4 Rh4 31. Qc1 Rxf4 32. Qxf4 c5 33. Qh6
Rg8 34. Qh7+ Kf8 35. Rd1 Rg7 36. Qh8+ Rg8 37. Qxf6+ Ke8 38. Rd8# 1-0

[Event "7. Arber-Open Bodenmais 2018"]
[Site "Bodenmais"]
[Date "2018.07.31"]
[Round "4.56"]
[White "Hoffmann, Steffen"]
[Black "Rempe, Lennik"]
[Result "1-0"]
[WhiteElo "1417"]
[BlackElo "1143"]
[PlyCount "73"]
[EventDate "2018.??.??"]
[WhiteTeam "SC NT NÃ¼rnberg"]
[BlackTeam "SK Doppelbauer Kiel"]

1. e4 e5 2. Bc4 Nf6 3. d4 exd4 4. Nf3 Nc6 5. O-O Bc5 6. Bg5 Be7 7. Re1 O-O 8.
Nxd4 Nxe4 9. Bxe7 Qxe7 10. f3 Qc5 11. Rxe4 Qxc4 12. Nb3 Qb5 13. Nc3 Qg5 14. Qe2
Qd8 15. Re1 h6 16. Qf2 f5 17. R4e3 d5 18. Rd3 Bd7 19. Rxd5 f4 20. Nc5 Rf7 21.
Qd2 Nb8 22. Ne6 Qe8 23. Nxc7 Qd8 24. Nxa8 Qe8 25. Rxe8+ Bxe8 26. Rd8 Rf8 27.
Rxb8 Kh7 28. Qd3+ Kg8 29. Qe4 Bc6 30. Rxf8+ Kxf8 31. Qf5+ Ke8 32. Nc7+ Kd8 33.
Ne6+ Kc8 34. Nxg7+ Kb8 35. Qxf4+ Ka8 36. Qf8+ Be8 37. Qxe8# 1-0

[Event "7. Arber-Open Bodenmais 2018"]
[Site "Bodenmais"]
[Date "2018.07.31"]
[Round "4.57"]
[White "Nusser, Hans-Karl"]
[Black "Karayilan, Nilufer"]
[Result "1-0"]
[WhiteElo "1743"]
[BlackElo "1326"]
[PlyCount "83"]
[EventDate "2018.??.??"]
[WhiteTeam "MÃ¼nchener SC"]
[BlackTeam "SV Doorn Driebergen"]

1. d4 Nf6 2. c4 e6 3. Nc3 c5 4. d5 exd5 5. cxd5 d6 6. e4 g6 7. Bd3 Bg7 8. Nf3
Bg4 9. h3 Bxf3 10. Qxf3 Nbd7 11. O-O O-O 12. Bf4 Nb6 13. Rfe1 c4 14. Bc2 a6 15.
a4 Nc8 16. Bg5 Nb6 17. Qf4 Re8 18. Re2 Nh5 19. Qd2 Qc7 20. Rb1 Nd7 21. Rbe1
Rab8 22. Rb1 b5 23. Na2 Nc5 24. Nb4 a5 25. Nc6 Ra8 26. axb5 Qb6 27. Be7 Bf8 28.
Bxf8 Kxf8 29. Qc3 Kg8 30. Qxc4 a4 31. Ra1 Nb3 32. Bxb3 axb3 33. Rxa8 Rxa8 34.
Re3 Nf6 35. Rxb3 Nd7 36. Ra3 Rxa3 37. bxa3 Nc5 38. a4 Nb7 39. Qb4 Qc7 40. a5
Nc5 41. a6 Qb6 42. Qa5 1-0

[Event "7. Arber-Open Bodenmais 2018"]
[Site "Bodenmais"]
[Date "2018.08.01"]
[Round "5.1"]
[White "Pap, Misa"]
[Black "Meijers, Viesturs"]
[Result "1/2-1/2"]
[WhiteElo "2473"]
[BlackElo "2458"]
[PlyCount "45"]
[EventDate "2018.??.??"]
[WhiteTeam "SF Augsburg"]
[BlackTeam "ESV NickelhÃ¼tte Aue"]

1. e4 e5 2. Nf3 Nf6 3. Nxe5 d6 4. Nf3 Nxe4 5. d3 Nf6 6. d4 g6 7. Bd3 Bg7 8.
Qe2+ Qe7 9. Qxe7+ Kxe7 10. O-O Re8 11. Re1+ Kf8 12. Rxe8+ Kxe8 13. Nbd2 Nc6 14.
c3 Ne7 15. Ne4 Bf5 16. Nxf6+ Bxf6 17. Bxf5 Nxf5 18. Bg5 Bxg5 19. Nxg5 h6 20.
Nf3 Kd7 21. Re1 Re8 22. Rxe8 Kxe8 23. Kf1 1/2-1/2

[Event "7. Arber-Open Bodenmais 2018"]
[Site "Bodenmais"]
[Date "2018.08.01"]
[Round "5.2"]
[White "Melamed, Tatjana"]
[Black "Milov, Leonid"]
[Result "0-1"]
[WhiteElo "2386"]
[BlackElo "2469"]
[PlyCount "92"]
[EventDate "2018.??.??"]
[WhiteTeam "AE Magdeburg"]
[BlackTeam "SC NT NÃ¼rnberg"]

1. e4 c5 2. Nf3 e6 3. c3 d5 4. exd5 Qxd5 5. d4 Nf6 6. Bd3 Be7 7. O-O O-O 8.
dxc5 Rd8 9. Bc2 Qxc5 10. Qe2 b6 11. Rd1 Rxd1+ 12. Qxd1 Bb7 13. Nbd2 Nbd7 14.
Qe2 Rd8 15. Nb3 Qh5 16. Nbd4 Bc5 17. Bf4 e5 18. Bxe5 Re8 19. Ba4 Bxf3 20. Nxf3
Rxe5 21. Qa6 Re6 22. b4 Bf8 23. Qxa7 Re7 24. Qa8 Qf5 25. Rd1 b5 26. Bb3 Qe4 27.
Qa6 Ne5 28. Nd4 Nd3 29. h3 Nf4 30. Qc6 Ne2+ 31. Kf1 Nxd4 32. Qxe4 Rxe4 33. f3
Rf4 34. cxd4 Bxb4 35. Kf2 h5 36. Ke3 Bd6 37. Rc1 g5 38. Rc8+ Kg7 39. Rd8 Bc7
40. Rc8 Bb6 41. Rb8 Bxd4+ 42. Kd3 Nd7 43. Rxb5 Nc5+ 44. Ke2 Nxb3 45. Rxg5+ Kh6
46. Rd5 Nc1+ 0-1

[Event "7. Arber-Open Bodenmais 2018"]
[Site "Bodenmais"]
[Date "2018.08.01"]
[Round "5.3"]
[White "Miesbauer, Jan"]
[Black "Sergeev, Vladimir"]
[Result "1-0"]
[WhiteElo "2282"]
[BlackElo "2410"]
[PlyCount "115"]
[EventDate "2018.??.??"]
[WhiteTeam "SC Bayerwald"]
[BlackTeam "SK Bregenz"]

1. Nf3 Nf6 2. c4 c5 3. Nc3 Nc6 4. e3 e6 5. b3 Be7 6. g4 d5 7. g5 Ne4 8. h4 h6
9. Rg1 hxg5 10. hxg5 Nxg5 11. cxd5 exd5 12. Nxg5 Bxg5 13. Ba3 b6 14. d4 Bf6 15.
Rc1 Be6 16. dxc5 Kf8 17. Bg2 Bxc3+ 18. Rxc3 b5 19. Bb2 f6 20. Rd3 Qa5+ 21. Qd2
Qxa2 22. Ke2 Qa5 23. Qxa5 Nxa5 24. Bxd5 Bxd5 25. Rxd5 Nc6 26. Rd7 Rg8 27. Rc7
Ne7 28. Rd1 a5 29. Rdd7 Re8 30. c6 Rh8 31. Rb7 Rh5 32. Bd4 Rg5 33. Rxe7 Rxe7
34. c7 Rxc7 35. Rxc7 Rg1 36. Rb7 b4 37. Kd3 Rg2 38. f4 Ra2 39. Ra7 Kg8 40. Bb6
Rb2 41. Rxa5 Rxb3+ 42. Kc4 Rb1 43. Rb5 Kh7 44. Rxb4 Rd1 45. Bd4 Kg6 46. Kd5 Rf1
47. Ke6 Rf2 48. Rb1 Rc2 49. Rg1+ Kh7 50. e4 Rc4 51. Kd5 Rc8 52. e5 Rd8+ 53. Kc4
fxe5 54. fxe5 Re8 55. Kd5 Rd8+ 56. Ke4 Re8 57. Bc5 Kg8 58. Kd5 1-0

[Event "7. Arber-Open Bodenmais 2018"]
[Site "Bodenmais"]
[Date "2018.08.01"]
[Round "5.4"]
[White "Meertens, Martin"]
[Black "Prusikin, Michael"]
[Result "1/2-1/2"]
[WhiteElo "2146"]
[BlackElo "2516"]
[PlyCount "86"]
[EventDate "2018.??.??"]
[WhiteTeam "Klub KÃ¶lner SF"]
[BlackTeam "BCA Augsburg"]

1. e4 c6 2. Nc3 d5 3. Nf3 Bg4 4. h3 Bxf3 5. Qxf3 Nf6 6. d3 e6 7. Bd2 Qb6 8.
O-O-O d4 9. Ne2 c5 10. g4 Nc6 11. c4 Nd7 12. Qg3 Qa6 13. Kb1 b5 14. Nc1 Rb8 15.
f4 e5 16. g5 Bd6 17. f5 Nb6 18. b3 bxc4 19. dxc4 Qa3 20. Rh2 Na5 21. Bxa5 Qxa5
22. f6 Qa3 23. fxg7 Rg8 24. Bg2 Rxg7 25. h4 Na4 26. Ka1 Nc3 27. Re1 a5 28. Bh3
a4 29. Qg4 Kf8 30. Qd7 Be7 31. Qa7 Qb4 32. Nd3 Qb7 33. Qxb7 Rxb7 34. Rb2 axb3
35. Rxb3 Rxb3 36. axb3 Rg6 37. Kb2 Ra6 38. Ra1 Rxa1 39. Kxa1 Bd6 40. Bf5 Kg7
41. Kb2 h6 42. b4 cxb4 43. Kb3 hxg5 1/2-1/2

[Event "7. Arber-Open Bodenmais 2018"]
[Site "Bodenmais"]
[Date "2018.08.01"]
[Round "5.5"]
[White "Pitica, Silviu Valentin"]
[Black "Hausner, Ivan"]
[Result "0-1"]
[WhiteElo "2149"]
[BlackElo "2321"]
[PlyCount "40"]
[EventDate "2018.??.??"]
[WhiteTeam "ITALIEN"]
[BlackTeam "SC Bayerwald"]
[WhiteTeamCountry "ITA"]

1. d4 d6 2. e4 Nf6 3. Nc3 c6 4. f4 Qa5 5. e5 Ne4 6. Qf3 f5 7. exf6 Nxf6 8. Bd2
Qb6 9. Qe3 Bf5 10. O-O-O Na6 11. a3 Nc7 12. Na4 Ncd5 13. Nxb6 Nxe3 14. Nxa8
Nxd1 15. Kxd1 Kd7 16. Ne2 g6 17. Ng3 Bg7 18. Nxf5 gxf5 19. Bd3 Ne4 20. Bxe4
fxe4 0-1

[Event "7. Arber-Open Bodenmais 2018"]
[Site "Bodenmais"]
[Date "2018.08.01"]
[Round "5.6"]
[White "Schwenkreis, Thomas"]
[Black "Tong, Kevin"]
[Result "0-1"]
[WhiteElo "2087"]
[BlackElo "2180"]
[PlyCount "90"]
[EventDate "2018.??.??"]
[WhiteTeam "SV Oberursel"]
[BlackTeam "SC Erlangen"]

1. e4 e5 2. Nc3 Nc6 3. g3 Nf6 4. Bg2 Bc5 5. Nge2 Nd4 6. Nxd4 Bxd4 7. Ne2 Bb6 8.
d4 O-O 9. Bg5 h6 10. Bxf6 Qxf6 11. c3 d6 12. Qd3 Bg4 13. f3 Be6 14. d5 Bd7 15.
O-O-O a5 16. h4 Bc5 17. g4 b5 18. Qd2 Qe7 19. g5 h5 20. Bh3 Bxh3 21. Rxh3 g6
22. f4 exf4 23. Qxf4 Rae8 24. Ng3 Qe5 25. Qxe5 Rxe5 26. Kc2 Bf2 27. Nh1 Bc5 28.
Kd3 f6 29. gxf6 Rxf6 30. b4 axb4 31. cxb4 Bxb4 32. Rb1 Bc5 33. Rxb5 Rf4 34. a4
Rexe4 35. a5 Rxh4 36. Rg3 Rd4+ 37. Kc3 Rxh1 38. Rxg6+ Kf7 39. Rh6 Rxd5 40. Rb7
Rh3+ 41. Kc4 Rd4+ 42. Kb5 Rb4+ 43. Kc6 Rxb7 44. Kxb7 Kg7 45. Re6 Re3 0-1

[Event "7. Arber-Open Bodenmais 2018"]
[Site "Bodenmais"]
[Date "2018.08.01"]
[Round "5.7"]
[White "Witte, Ronald"]
[Black "Puschendorf, Steffen"]
[Result "0-1"]
[WhiteElo "2031"]
[BlackElo "2153"]
[PlyCount "78"]
[EventDate "2018.??.??"]
[WhiteTeam "BSV 63 Chemie WeiÃŸensee"]
[BlackTeam "ESV Gera"]

1. d4 d5 2. c4 c6 3. Nf3 e6 4. e3 f5 5. Nc3 Nf6 6. Bd3 Bd6 7. O-O O-O 8. Ne5
Nbd7 9. f4 Ne4 10. cxd5 exd5 11. Nxe4 fxe4 12. Be2 Nxe5 13. fxe5 Rxf1+ 14. Qxf1
Be7 15. Bd2 Be6 16. Qd1 Qd7 17. Qb3 b6 18. a4 Rf8 19. Rf1 Rxf1+ 20. Bxf1 c5 21.
Bb5 Qc8 22. Be2 c4 23. Qd1 a6 24. Qe1 Qf8 25. Qf2 Qxf2+ 26. Kxf2 b5 27. axb5
axb5 28. Ba5 b4 29. Ke1 Bd7 30. Kd2 Kf7 31. Bd1 Bb5 32. Bg4 Ba4 33. Bc8 c3+ 34.
Kc1 c2 35. Bb7 Bg5 36. Bxd5+ Ke8 37. Bxb4 Bxe3+ 38. Bd2 Bxd2+ 39. Kxd2 e3+ 0-1

[Event "7. Arber-Open Bodenmais 2018"]
[Site "Bodenmais"]
[Date "2018.08.01"]
[Round "5.8"]
[White "Jergler, Karl-Heinz"]
[Black "Rieling, Thomas"]
[Result "1/2-1/2"]
[WhiteElo "2152"]
[BlackElo "2079"]
[PlyCount "34"]
[EventDate "2018.??.??"]
[WhiteTeam "SC Rottal-Inn"]
[BlackTeam "SC Diogenes"]

1. e4 e5 2. Nf3 Nc6 3. d4 exd4 4. Nxd4 Nf6 5. Nxc6 bxc6 6. Bd3 d5 7. e5 Ng4 8.
O-O Bc5 9. Qe2 Qh4 10. h3 Nh6 11. Be3 Bg4 12. f3 Bxe3+ 13. Qxe3 Bxh3 14. gxh3
Qg3+ 15. Kh1 Qxh3+ 16. Kg1 Qg3+ 17. Kh1 Qh3+ 1/2-1/2

[Event "7. Arber-Open Bodenmais 2018"]
[Site "Bodenmais"]
[Date "2018.08.01"]
[Round "5.9"]
[White "Villani, Cristian"]
[Black "Lorenc, Tomas"]
[Result "0-1"]
[WhiteElo "2010"]
[BlackElo "2208"]
[PlyCount "70"]
[EventDate "2018.??.??"]
[WhiteTeam "SK Durlach"]
[BlackTeam "SC Waldsassen"]

1. Nf3 Nf6 2. g3 b5 3. Bg2 Bb7 4. O-O e6 5. d3 d5 6. Nbd2 Be7 7. c3 a5 8. Re1
O-O 9. a4 b4 10. c4 c5 11. cxd5 exd5 12. Qc2 Nbd7 13. e4 c4 14. dxc4 dxe4 15.
Ng5 e3 16. Rxe3 Bxg2 17. Kxg2 Bc5 18. Re2 Qb6 19. Nde4 b3 20. Qd3 Rad8 21. Be3
Qc6 22. f3 h6 23. Nh3 Ne5 24. Nxf6+ gxf6 25. Qe4 Qxe4 26. fxe4 Bxe3 27. Rxe3
Rd2+ 28. Kg1 Rxb2 29. Rc3 Rd8 30. Nf4 Rdd2 31. c5 Rdc2 32. Rxc2 Rxc2 33. Rb1 b2
34. c6 Rc1+ 35. Kg2 Rxb1 0-1

[Event "7. Arber-Open Bodenmais 2018"]
[Site "Bodenmais"]
[Date "2018.08.01"]
[Round "5.10"]
[White "Schelle, Artur"]
[Black "Wacker, Felix"]
[Result "1-0"]
[WhiteElo "2206"]
[BlackElo "1956"]
[PlyCount "47"]
[EventDate "2018.??.??"]
[WhiteTeam "SC Tarr MÃ¼nchen"]
[BlackTeam "SC Lambsheim"]

1. e4 c6 2. d4 d5 3. e5 c5 4. c4 e6 5. Nf3 Nc6 6. Nc3 cxd4 7. Nxd4 Bc5 8. Nxc6
bxc6 9. Bd3 Qh4 10. O-O Nh6 11. Bxh6 Qxh6 12. cxd5 exd5 13. Nxd5 cxd5 14. Bb5+
Ke7 15. Qxd5 Qb6 16. Rac1 Bxf2+ 17. Rxf2 Be6 18. Qd3 Rac8 19. Qa3+ Kd8 20. Qd3+
Ke7 21. Qa3+ Kd8 22. Rd1+ Kc7 23. Rd6 Qxb5 24. Qxa7+ 1-0